000 00463nam a2200181Ia 4500
001 23277
005 20260414150926.0
008 260414t2016||||xx |||||||||||||| ||spa||
041 _aESP
082 _a628.15
_bS17
100 _aSaldarriaga, Juan
_eAUT
245 0 _aHidráulica de tuberías :
_babastecimiento de agua, redes y riesgos
260 _c2016
300 _a894 páginas :
_c24 cm.
650 _aCNM
654 _aCCN
942 _cLIB
_dJUS
_fJUS
_2ddc
_n
999 _c23277
_d23277